American society and politics : institutional, historical and theoretical perspectives

Αποθηκεύτηκε σε:
Λεπτομέρειες βιβλιογραφικής εγγραφής
Άλλοι συγγραφείς: Skocpol, Theda (Επιμελητής έκδοσης), Campbell, John L. (Επιμελητής έκδοσης)
Μορφή: Βιβλίο
Γλώσσα:English
Δημοσίευση: New York : McGraw-Hill, c1995
Θέματα:
Ετικέτες: Προσθήκη ετικέτας
Δεν υπάρχουν, Καταχωρήστε ετικέτα πρώτοι!

MARC

LEADER 00000nam a2200000 i 4500
001 1/94177
008 991126s1995 eng d
020 |a 0-07-057915-6 
035 |l 10054701 
040 |a GR-MY-UA  |b gre  |e aacr 
041 0 |a eng 
082 0 |a 306.20973 
245 1 0 |a American society and politics :  |b institutional, historical and theoretical perspectives /  |c Edited by Theda Skocpol and John L. Campbell 
260 |a New York :   |b McGraw-Hill,   |c c1995 
300 |a 542 p. 
504 |a Includes bibliographical references and index 
651 0 |a United States  |x Social policy. 
651 0 |a United States  |x Politics and government  |y 1980- 
651 0 |a United States  |x Social conditions  |y 1980- 
700 1 |a Skocpol, Theda.  |4 edt 
700 1 |a Campbell, John L.  |4 edt 
852 |a INST  |b LESVOS  |e 19991126  |h 306.20973 AME  |p 005100018773  |q 005100018773  |t BK  |y 0 
901 |a BIBL1-2000-1 
909 |a Λ  |b 069769 
922 |a 1ΕΛΗ  |b 199910  |c ΚΠΣ/ΤΚ  |d ΠΑΠΑΣΩΤΗΡΙΟΥ 
950 |a 103-1998-07-27 
970 |a ΜΟΥΣΤΑΚΑ  |b ΠΗΝΕΛΟΠΗ  |z 2000/01/26